ბათუმის შოთა რუსთაველის სახელმწიფო უნივერსიტეტის ბიბლიოთეკა

Научни известия. Т. VI,кн.1-2. (ბიბ.ჩანაწერი № 35894)

000 -LEADER
fixed length control field 00625nam a2200205Ia 4500
001 - CONTROL NUMBER
control field 1787
003 - CONTROL NUMBER IDENTIFIER
control field GE_BSU
008 - FIXED-LENGTH DATA ELEMENTS--GENERAL INFORMATION
fixed length control field 181216s||||||||xx |||||||||||||| ||und||
040 ## - CATALOGING SOURCE
Transcribing agency GE_BSU
080 ## - UNIVERSAL DECIMAL CLASSIFICATION NUMBER
Universal Decimal Classification number 94(479.2)
245 ## - TITLE STATEMENT
Title Научни известия. Т. VI,кн.1-2.
245 ## - TITLE STATEMENT
Remainder of title Югозападен университет ,,Неофит рилски"Правно-исторический факултет
260 ## - PUBLICATION, DISTRIBUTION, ETC.
Place of publication, distribution, etc. Благоевград
260 ## - PUBLICATION, DISTRIBUTION, ETC.
Name of publisher, distributor, etc. Неофит рилски
260 ## - PUBLICATION, DISTRIBUTION, ETC.
Date of publication, distribution, etc. 2010
300 ## - PHYSICAL DESCRIPTION
Extent 480 с. 23 см.
653 ## - INDEX TERM--UNCONTROLLED
Uncontrolled term Научни известия.
942 ## - ADDED ENTRY ELEMENTS (KOHA)
Koha item type წიგნი
ეგზემპლარები
Withdrawn status Lost status Damaged status Not for loan Date acquired Barcode Date last seen Price effective from Koha item type Public note
        2018-12-17 3731 2018-12-17 2018-12-17 წიგნი დარბაზი